Bilecik Bilecik Bilecik Bilecik Bilecik

I. Uluslararası Türklerde tarih bilinci ve tarih yazıcılığı sempozyumu, (23-25 Ekim 2014 ZonguldakTürkiye) bildiriler kitabı/ (Record no. 63442)

MARC details
000 -BAŞLIK
Sabit Uzunluktaki Kontrol Alanı 01281nam a22003257a 4500
001 - KONTROL NUMARASI
Control Dosyası 0063646
003 - KONTROL NUMARASI KİMLİĞİ
Kontrol Alanı KOHA_MİRAKIL
005 - EN SON İŞLEM TARİHİ ve ZAMANI
Kontrol Alanı 20260207004446.0
007 - FİZİKSEL TANIM SABİT ALAN - GENEL BİLGİ
Sabit uzunluklu kontrol alanı ta
008 - SABİT UZUNLUKTAKİ VERİ ÖGELERİ - GENEL BİLGİ
Sabit Alan 190304b2015 tu |||gr||||#0|||0|tur |
020 ## - ISBN - ULUSLARARASI STANDART KİTAP NUMARASI
Isbn 9786058430136
Nitelik bilgileri
040 ## - KATALOGLAMA KAYNAĞI
Özgün Kataloglama Kurumu TR-BiSEU
Kataloglama Dili tur
Çeviri Kurumu TR-BiSEU
Açıklama Kuralları rda
041 0# - DİL KODU
Metin ya da ses kaydının dil kodu tur
044 ## - YAYINLAYAN/ÜRETEN KURULUŞUN ÜLKE KODU
ISO country code tu
050 ## - SINIFLAMA ve YER NUMARASI
Sınıflama Numarası DR438.8
Yer Numarası .U48 2015
111 2# - TOPLANTI ADI
Toplantı Adı Uluslararası Türklerde Tarih Bilinci ve Tarih Yazıcılığı Sempozyumu (1.: 2014 :Zonguldak, Türkiye)
9 (RLIN) 118045
245 1# - ESER ADI BİLDİRİMİ
Başlık I. Uluslararası Türklerde tarih bilinci ve tarih yazıcılığı sempozyumu, (23-25 Ekim 2014 ZonguldakTürkiye) bildiriler kitabı/
Sorumluluk Bildirimi Editörler Nurettin Hatunoğlu, Canan Kuş Büyüktaş.
264 #1 - ÜRERİM, YAYIN, DAĞITIM ve TELİF BİLDİRİMİ
Yayın yeri Zonguldak :
Yayınlayan Bülent Ecevit Üniversitesi
Yayın tarihi 2015
300 ## - FİZİKSEL TANIMLAMA
Sayfa, Cilt vb. XI, 364 sayfa: resimli; 28 cm.
336 ## - İÇERİK TÜRÜ
Content type term metin
Content type code txt
Source rdacontent
337 ## - MEDYA TÜRÜ
Media type term aracısız
Media type code n
Source rdamedia
338 ## - TAŞIYICI TÜRÜ
Carrier type term cilt
Carrier type code nc
Source rdacarrier
490 1# - DİZİ BİLDİRİMİ
Dizi Bildirimi Bülent Ecevit Üniversitesi yayınları no ;
Cilt Numarası 7
500 ## - GENEL NOT
Genel Not Özgün eser adı: Bülent Ecevit Üniversitesi-Türk Tarih Kurumu.
650 #0 - KONU BAŞLIĞI EK GİRİŞ - KONU TERİMİ
Konusal terim veya coğrafi ad Historiography--Turkey.
9 (RLIN) 90590
650 #0 - KONU BAŞLIĞI EK GİRİŞ - KONU TERİMİ
Konusal terim veya coğrafi ad Turkey--Historiography.
9 (RLIN) 30072
830 1# - SERİ EK GİRİŞİ - TEKBİÇİM ESER ADI
Tekbiçim Başlık Bülent Ecevit Üniversitesi yayınları no ;
Volume number/sequential designation 7
9 (RLIN) 86887
907 ## - LOCAL DATA ELEMENT G, LDG (RLIN)
a Tarih
942 ## - EK GİRİŞ ÖGELERİ (KOHA)
Source of classification or shelving scheme Library of Congress Classification
Koha item type Book
Holdings
Materyal Türü Kalıcı Konum Mevcut Konum Raf Yeri Sınıflandırma Kaynağı Edinim Bilgisi Ana Konular Alt Konular Yer Numarası Demirbaş Numarası Fatura Tarihi Geri Çekilme Durumu Kayıp Durumu Hasarlı Durumu Kredi için değil Kayıt Tarih Toplam Ödünçverme Son Görülme Tarihi Son Kontrol Tarihi Genel / Bağış Notu
Book Prof. Dr. Azmi Özcan Kütüphanesi Prof. Dr. Azmi Özcan Kütüphanesi Uluğbey Salonu Library of Congress Classification Bağış DÜNYA TARİHİ (AVRUPA, ASYA, AFRİKA VB.) Balkan Yarımadası DR438.8 .U48 2015 0063646 02/02/2026         04/03/2019   04/03/2025 04/03/2025 Genel Bağış